000 00715cam a22002413a 4500
001 27049
003 PGUSA
005 20140828083601.0
008 081026s2008||||xxu|||||s|||||000 | eng d
040 _aPGUSA
_beng
042 _adc
050 4 _aQK
100 1 _aLinné, Carl von,
_d1707-1778
245 1 0 _aSpecies Plantarum, Sections IV-V
_h[electronic resource] /
_cCarl von Linné
260 _bProject Gutenberg,
_c2008
506 _aPublic domain in the USA.
516 _aElectronic text
653 _aPlants -- Early works to 1800
653 _aPlants -- Classification -- Early works to 1800
830 0 _aProject Gutenberg
_v27049
856 4 0 _uhttp://www.gutenberg.org/ebooks/27049
942 _cEB
999 _c256304
_d256304